000
00203 a2200097 4500
001
48281
100
_a
Rahim
245
_a
Iqbal
260
_a
Lahore
_b
Marbaziyy majlis-i-Iqbal
_c
090
_c
31233
_d
31233
942
_a
NUST-CAE
_c
M
_c
23596
999
_c
283354
_d
283354